La villa de Talavera y su tierra en la Edad Media (Record no. 148604)

MARC details
000 -LEADER
campo de control de longitud fija 00892nam a2200193 4500
001 - NÚMERO DE CONTROL
campo de control 148604
003 - IDENTIFICADOR DE NÚMERO DE CONTROL
campo de control ES-MaACL
007 - CAMPO FIJO DE DESCRIPCIÓN FÍSICA--INFORMACIÓN GENERAL
campo de control de longitud fija t|
008 - DATOS DE LONGITUD FIJA--INFORMACIÓN GENERAL
campo de control de longitud fija 070214s1982 sp r ||||1| spa d
100 1# - ENTRADA PRINCIPAL--NOMBRE DE PERSONA
Nombre de persona Suárez Alvarez, María Jesús.
9 (RLIN) 108585
245 13 - MENCIÓN DEL TÍTULO
Título La villa de Talavera y su tierra en la Edad Media
Resto del título : (1369-1504) /
Mención de responsabilidad, etc. María Jesús Suárez Alvarez.
260 ## - PUBLICACIÓN, DISTRIBUCIÓN, ETC.
Lugar de publicación, distribución, etc. Oviedo :
Nombre del editor, distribuidor, etc. Universidad de Oviedo. Departamento de Historia Medieval,
Fecha de publicación, distribución, etc. 1982.
300 ## - DESCRIPCIÓN FÍSICA
Extensión 438 p. ;
Dimensiones 25 cm.
490 1# - MENCIÓN DE SERIE
Mención de serie Universidad de Oviedo. Departamento de Historia Medieval. Publicaciones del departamento de Historia Medieval ;
Designación de volumen o secuencia 10
710 2# - ENTRADA AGREGADA--NOMBRE DE ENTIDAD CORPORATIVA
Nombre de entidad corporativa o nombre de jurisdicción como elemento de entrada Universidad de Oviedo.
Unidad subordinada Departamento de Historia Medieval.
9 (RLIN) 7263
830 0# - PUNTO DE ACCESO ADICIONAL DE SERIE-TÍTULO UNIFORME
Título uniforme Universidad de Oviedo. Departamento de Historia Medieval. Publicaciones del departamento de Historia Medieval ;
Designación de volumen o secuencia 10
9 (RLIN) 221027
852 ## - LOCALIZACIÓN
Ubicación ES-MaACL
Número de control de estantería L-6512
Sublocalización o colección R.106685
Holdings
Estatus retirado Estado de pérdida Estado de daño No para préstamo Biblioteca de origen Biblioteca actual Ubicación en estantería Fecha de adquisición Fuente de adquisición Total de préstamos Signatura topográfica completa Código de barras Visto por última vez Precio de reemplazo Tipo de ítem Koha
        Biblioteca del Ateneo de Madrid Biblioteca del Ateneo de Madrid Depósito 2 17/01/2008     L-6512 1155077 23/02/2023 23/02/2023 Libro impreso